| 000 | 01793cam a2200133 4500500 | ||
|---|---|---|---|
| 005 | 20251214002411.0 | ||
| 041 | _afre | ||
| 042 | _adc | ||
| 100 | 1 | 0 |
_aCoslin, Pierre G. _eauthor |
| 245 | 0 | 0 | _aCes ados qui nous font peur |
| 260 |
_bArmand Colin,
_c2010. |
||
| 520 | _aLes jeunes font peur. Ils ont toujours fait peur. Mais, si ces craintes ne datent pas d’hier, ne rencontre-t-on pas de nos jours une vive inquiétude chez les parents et les enseignants, voire au sein de la société dans son ensemble, face à certains jeunes dont les comportements engendrent ce malaise plus ou moins diffus qui éveille en nous un sentiment d’impuissance ? Cette jeunesse aux conduites imprévisibles, incompréhensibles n’est-elle pas devenue «indéchiffrable», «intouchable» ?Ces jeunes qui nous effrayent ne sont-ils pas, d’une certaine façon, le reflet de nos propres projections, ne représentent-ils pas une part de nos aspirations profondes, osant mettre en acte ces pulsions que nous avons refoulées ? Ces créatures qui nous échappent ne réactivent-elles pas nos craintes de nous laisser envahir ? Ne sont-elles pas telles que notre société les a façonnées ? Et ce phénomène est-il vraiment aussi nouveau que certains le prétendent ? Jamais alarmiste, Pierre G. Coslin nous fait découvrir la diversité des comportements de ces ados qui dérapent, et, sans les stigmatiser, nous aide à mieux les comprendre. Ainsi, il nous fait réfléchir aux repères que la société pourrait leur proposer, plutôt que de les idéaliser dans des identifications à rebours ou de les diaboliser. | ||
| 856 | 4 | 1 | _uhttps://shs.cairn.info/ces-ados-qui-nous-font-peur--9782200354725?lang=fr&redirect-ssocas=7080 |
| 999 |
_c1566867 _d1566867 |
||